00759nam a2200157Ia 4500008004100000024006400041082001800105100010100123245006000224260002500284600002100309650003800330856010700368952010900475999001700584250506s9999 xx 000 0 und d a17B-007-CS, 17B-061-CS, 17B-021-CS, 17B-009-CS & 17B-044-CS a005.99072 ABD aAbdullah Rizwan, Quaid Johar Mustafa, M. Kumail Habib Mirza, M. Tameem Shahid & Yumna Sameen Zia 0aNamed Data Networking Using Software Defined Networking aKarachi:bUIT,c2017 aComputer Science aBachelor of Computer Science (BS) uhttps://drive.google.com/file/d/1fXqqZRNhhNnVCCRmLcCSMenU9N_ztVqC/view?usp=sharingyClick here for PDF 001040708PR-CSaUITUbUITUd2022-07-26l0o005.99072 ABDpBS-634r2025-05-06 11:34:41w2025-05-06yPR c28963d28963